00887nam a2200193 a 450000100100000000500170001000800410002702000150006804000250008324501420010826000570025030000390030750000260034650500620037270000260043495201080046095201080056899900170067600003670420200930075902.0120125s1995 mx abc 000 0 spa d a9706111263 aDO-SdBNPbspacBNPHU00aEnciclopedia ilustrada Cumbre :blo esencial de los conocimientos actuales en forma clara, sustancial y amena /cprólogo Alberto Reyes. aMéxico :bBachette LatinoaméricabCumbre,c1995. av. :bil., mapas, retrs. ;c28 cm. aTextos a dos columnas0 gv. 8tInsecticidas-lluvia artificialgv. 2tPascua - Reis12aReyes, Alberto962994 001050718MOaGRbGRcCTd2012-01-25iLF1l0ov. 2p36704-10r2020-06-25w2020-06-25y1ZNo se presta 001050718MOaGRbGRcCTd2012-01-26iLF1l0ov. 8p36704-20r2020-06-25w2020-06-25y1ZNo se presta c36195d36195